| 000 | 00558nam a2200193Ia 4500 | ||
|---|---|---|---|
| 001 | 20131 | ||
| 003 | GE_BSU | ||
| 008 | 181216s||||||||xx |||||||||||||| ||und|| | ||
| 040 | _cGE_BSU | ||
| 245 | _aБанковские технологии № 11/12(251) 2016 | ||
| 245 | _cГл. ред. Ю.Н.Гордеев | ||
| 260 | _aМосква | ||
| 260 | _c2016 | ||
| 300 | _a80стр. 29см. | ||
| 653 | _aБанковские технологии. № 11/12(251) 2016 | ||
| 653 | _aПериодика | ||
| 653 | _aპერიოდიკა | ||
| 942 | _cCR | ||
| 999 |
_c53093 _d53093 |
||